English Monarchs Multiple Choice 1 - Statistics

General Stats
  • This quiz has been taken 72 times
  • The average score is 13 of 15
Answer Stats
Question Answer % Correct
Which monarch famously had six wives? King Henry VIII
100%
Which monarch was the only monarch of England, or Great Britain, from the house of Blois? King Stephen
100%
Which monarch was known as "The Conqueror"? King William I
100%
Which monarch signed the Magna Carta? King John
96%
By the current line of succession, what will likely be the title of the next Monarch of Great Britain? King William V
96%
Which of these monarchs was also "the sixth" (VI) of Scotland? King James I
92%
Which monarch has the longest ever reign within Britain? Queen Elizabeth II
92%
Oliver Cromwell was a leading figure in the execution of which monarch? King Charles I
88%
Which of these monarchs had the shortest reign? Queen Jane
88%
Which monarchs remains were found in a Leicester car park in 2012? King Richard III
83%
Which of these monarchs reigned the longest? King George III
79%
Which monarch fought at the Battle of Agincourt? King Henry V
75%
Who was monarch during the Great Fire of London? King Charles II
71%
Which monarch killed Thomas Beckett? King Henry II
63%
Which of these monarchs never married? King William II
50%
No matching quizzes found
Score Distribution
Percent of People with Each Score
Percentile by Number Answered
Your Score History
You have not taken this quiz